<?xml version="1.0" encoding="UTF-8"?><?xml-stylesheet type="text/xsl" href="static/style.xsl"?><OAI-PMH xmlns="http://www.openarchives.org/OAI/2.0/" xmlns:xsi="http://www.w3.org/2001/XMLSchema-instance" xsi:schemaLocation="http://www.openarchives.org/OAI/2.0/ http://www.openarchives.org/OAI/2.0/OAI-PMH.xsd"><responseDate>2026-04-13T01:20:24Z</responseDate><request verb="GetRecord" identifier="oai:www.recercat.cat:20.500.12328/5251" metadataPrefix="marc">https://recercat.cat/oai/request</request><GetRecord><record><header><identifier>oai:recercat.cat:20.500.12328/5251</identifier><datestamp>2026-03-26T19:51:51Z</datestamp><setSpec>com_2072_67741</setSpec><setSpec>col_2072_484352</setSpec></header><metadata><record xmlns="http://www.loc.gov/MARC21/slim" xmlns:dcterms="http://purl.org/dc/terms/" xmlns:xsi="http://www.w3.org/2001/XMLSchema-instance" xmlns:doc="http://www.lyncode.com/xoai" xsi:schemaLocation="http://www.loc.gov/MARC21/slim http://www.loc.gov/standards/marcxml/schema/MARC21slim.xsd">
   <leader>00925njm 22002777a 4500</leader>
   <datafield ind2=" " ind1=" " tag="042">
      <subfield code="a">dc</subfield>
   </datafield>
   <datafield ind2=" " ind1=" " tag="720">
      <subfield code="a">grimalt, ramon</subfield>
      <subfield code="e">author</subfield>
   </datafield>
   <datafield ind2=" " ind1=" " tag="260">
      <subfield code="c">2026-01-27</subfield>
   </datafield>
   <datafield ind2=" " ind1=" " tag="520">
      <subfield code="a">Background: Dermatitis affecting the earlobe is a highly frequent clinical presentation,&#xd;
predominantly attributed to Allergic Contact Dermatitis (ACD) caused by metallic ions&#xd;
like nickel from earrings. However, a significant subset of patients presents with recurrent&#xd;
eczematous lesions highly suggestive of ACD but with inconclusive or negative patch&#xd;
test results, posing a profound diagnostic and therapeutic dilemma. Objective: This&#xd;
comprehensive review critically evaluates the differential diagnosis of earlobe eczema&#xd;
in the context of negative patch tests. Drawing from a representative case of a 30-yearold female with recurrent earlobe eczema and a strong family history of psoriasis, we&#xd;
explore alternative non-immunological and endogenous mechanisms, specifically Irritant&#xd;
Contact Dermatitis (ICD) and the Koebner Phenomenon on a background of Psoriatic&#xd;
Diathesis. Methods: We performed an extensive review of the current literature focusing&#xd;
on the epidemiology and pathogenesis of metal ACD, non-allergic mechanisms of jewelryinduced dermatitis (ICD), the molecular basis of the Koebner phenomenon, and the clinical&#xd;
overlap between eczema and psoriasis (Eczematous Psoriasis). Results: The localized&#xd;
nature of the inflammation, coupled with the absence of generalized nickel sensitivity,&#xd;
strongly suggests that the mechanical and occlusive trauma from earrings can induce a&#xd;
purely irritant reaction. Crucially, the presence of a familial psoriatic diathesis supports&#xd;
the hypothesis that this local irritation acts as a Koebner phenomenon trigger, leading to&#xd;
an eczematous manifestation of an underlying psoriatic tendency. Conclusions: Not all&#xd;
recurrent eczematous lesions at common contact sites are caused by ACD. Clinicians must&#xd;
adopt an integrated diagnostic approach, factoring in personal and family history alongside&#xd;
patch test results, to differentiate true allergy from ICD and the Koebner phenomenon. This&#xd;
nuanced perspective is vital for providing appropriate counseling (strict jewelry avoidance)&#xd;
and targeted, often steroid-sparing, management (e.g., topical calcineurin inhibitors) for a&#xd;
durable therapeutic outcome.</subfield>
   </datafield>
   <datafield ind1="8" ind2=" " tag="024">
      <subfield code="a">Grimalt, Ramon. A False Allergic Contact Dermatitis? A Review of Earlobe Eczema Beyond Nickel Allergy: Irritant Mechanisms and Psoriatic Diathesis. Allergies, 2026, 6, 4. Disponible en &lt;https://www.mdpi.com/3699270>. Fecha de acceso: 19 mar. 2026. DOI: 10.3390/allergies6010004</subfield>
   </datafield>
   <datafield ind1="8" ind2=" " tag="024">
      <subfield code="a">2313-5786</subfield>
   </datafield>
   <datafield ind1="8" ind2=" " tag="024">
      <subfield code="a">http://hdl.handle.net/20.500.12328/5251</subfield>
   </datafield>
   <datafield ind1="8" ind2=" " tag="024">
      <subfield code="a">https://doi.org/10.3390/allergies6010004</subfield>
   </datafield>
   <datafield tag="653" ind2=" " ind1=" ">
      <subfield code="a">Psoriasis</subfield>
   </datafield>
   <datafield tag="653" ind2=" " ind1=" ">
      <subfield code="a">Koebner</subfield>
   </datafield>
   <datafield tag="653" ind2=" " ind1=" ">
      <subfield code="a">Contact dermatitis</subfield>
   </datafield>
   <datafield tag="653" ind2=" " ind1=" ">
      <subfield code="a">Nickel</subfield>
   </datafield>
   <datafield tag="653" ind2=" " ind1=" ">
      <subfield code="a">Eczematous psoriasis</subfield>
   </datafield>
   <datafield tag="653" ind2=" " ind1=" ">
      <subfield code="a">False contact dermatitis</subfield>
   </datafield>
   <datafield tag="653" ind2=" " ind1=" ">
      <subfield code="a">Fenómeno de Koebner</subfield>
   </datafield>
   <datafield tag="653" ind2=" " ind1=" ">
      <subfield code="a">Dermatitis de contacto</subfield>
   </datafield>
   <datafield tag="653" ind2=" " ind1=" ">
      <subfield code="a">Níquel</subfield>
   </datafield>
   <datafield tag="653" ind2=" " ind1=" ">
      <subfield code="a">Psoriasis eccematosa</subfield>
   </datafield>
   <datafield tag="653" ind2=" " ind1=" ">
      <subfield code="a">Falsa dermatitis de contacto</subfield>
   </datafield>
   <datafield tag="653" ind2=" " ind1=" ">
      <subfield code="a">Dermatitis de contacte</subfield>
   </datafield>
   <datafield tag="653" ind2=" " ind1=" ">
      <subfield code="a">Psoriasi eczematosa</subfield>
   </datafield>
   <datafield tag="653" ind2=" " ind1=" ">
      <subfield code="a">Dermatitis de contacte falsa</subfield>
   </datafield>
   <datafield ind2="0" ind1="0" tag="245">
      <subfield code="a">A False Allergic Contact Dermatitis? A Review of Earlobe Eczema Beyond Nickel Allergy: Irritant Mechanisms and Psoriatic Diathesis</subfield>
   </datafield>
</record></metadata></record></GetRecord></OAI-PMH>